[Event "Santiago de Cuba Province-ch final"]
[Site "Santiago de Cuba"]
[Date "2018.09.29"]
[Round "6"]
[White "Villalon Toledano, Saily"]
[Black "Cordon Antunez, Olga Rachel"]
[Result "0-1"]
[WhiteElo "1648"]
[BlackElo "1854"]
[PlyCount "54"]
[EventDate "2018.09.26"]
[EventType "swiss"]
[EventRounds "9"]
[EventCountry "CUB"]
[SourceTitle "EXT 2021"]
[Source "ChessBase"]
[SourceDate "2020.10.23"]
[SourceVersion "1"]
[SourceVersionDate "2020.10.23"]
[SourceQuality "1"]

1. e4 e5 2. Nf3 Nc6 3. Bc4 Be7 4. d3 Nf6 5. a3 0-0 6. 0-0 d6 7. h3 Be6 8. Bxe6 fxe6 9. Be3 d5 10. exd5 exd5 11. Nbd2 Nd7 12. d4 exd4 13. Nxd4 Nxd4 14. Bxd4 c5 15. Bxg7 Kxg7 16. Qg4+ Kh8 17. Nf3 Nf6 18. Qa4 Qd7 19. Qb3 Rg8 20. Ne5 Qf5 21. Rae1 Ne4 22. Ng4 Bg5 23. Qxb7 h5 24. Ne3 Bxe3 25. Rxe3 Raf8 26. Kh2 Qf4+ 27. Kg1 Nxf2 0-1

[Event "CUB Province-chT Schools 54th"]
[Site "Santa Clara"]
[Date "2018.07.13"]
[Round "2.6"]
[White "Borroto Fajardo, Alian Alberto"]
[Black "Villalon Toledano, Saily"]
[Result "1-0"]
[WhiteElo "1918"]
[BlackElo "1720"]
[PlyCount "70"]
[EventDate "2018.07.13"]
[EventType "team-swiss"]
[EventRounds "9"]
[EventCountry "CUB"]
[SourceTitle "CBM 195 Extra"]
[Source "ChessBase"]
[SourceDate "2020.05.31"]
[SourceVersion "1"]
[SourceVersionDate "2020.05.31"]
[SourceQuality "1"]
[WhiteTeam "Ciego de Avila"]
[BlackTeam "Guantanamo"]
[WhiteTeamCountry "CUB"]
[BlackTeamCountry "CUB"]

1. d4 d5 2. Nf3 Nf6 3. Bf4 Bf5 4. c4 c6 5. e3 dxc4 6. Bxc4 e6 7. 0-0 Be7 8. Nc3 0-0 9. Rc1 Nbd7 10. h3 Nb6 11. Bb3 Nbd5 12. Nxd5 cxd5 13. Nh4 Bg6 14. Nxg6 hxg6 15. Rc7 b6 16. Qd3 Bd6 17. Bxd6 Qxd6 18. Rfc1 Rfe8 19. a3 Re7 20. R7c6 Qd8 21. Qa6 Qd7 22. Ba4 Qb7 23. Qd3 Ne8 24. R6c2 Rd8 25. Bxe8 Rdxe8 26. Rc6 Rd8 27. R1c3 Rdd7 28. Rc8+ Kh7 29. Qc2 Qa6 30. f4 f6 31. Qf2 g5 32. fxg5 fxg5 33. Qf3 Kg6 34. h4 gxh4 35. Qg4+ Kh6 1-0